000 00752nam a2200205 a 4500
001 22540
003 CO-ViMGA
008 141112s2004 ck r 000 u spa d
040 _aCO-ViMGA
_bspa
_cCO-ViMGA
082 0 4 _a301.248 B111f
100 1 _aBabbie, Earl
_932016
245 1 0 _aFundamentos de la investigación social
260 _aMexico :
_bThomson,
_c2000
300 _a473
505 _aIntroducción a la investigación 2 - 52 - - La estructura de la investigación 68 - 169 - - Modos de Observación 208 - 310
590 _aForma de adquisición : Compra - - Precio : 63000 - - Proveedor : Dismet - - Fecha de adquisición : 2008
650 1 4 _aINVESTIGACIóN SOCIAL
650 1 4 _aSOCIOLOGIA - InvestigaciónES
_923816
942 _2ddc
_cBK
999 _c30841
_d30841